<?xml version="1.0" encoding="UTF-8"?>
<record
    xmlns:xsi="http://www.w3.org/2001/XMLSchema-instance"
    xsi:schemaLocation="http://www.loc.gov/MARC21/slim http://www.loc.gov/standards/marcxml/schema/MARC21slim.xsd"
    xmlns="http://www.loc.gov/MARC21/slim">

  <leader>00404    a2200133   4500</leader>
  <controlfield tag="005">20250616112219.0</controlfield>
  <datafield tag="020" ind1=" " ind2=" ">
    <subfield code="a">9987-617-46-8</subfield>
  </datafield>
  <datafield tag="082" ind1=" " ind2=" ">
    <subfield code="a">339 KAM</subfield>
  </datafield>
  <datafield tag="100" ind1=" " ind2=" ">
    <subfield code="a">KAMUZORA, F.</subfield>
  </datafield>
  <datafield tag="245" ind1=" " ind2=" ">
    <subfield code="a">Macroeconomics: A Problems and Solution Guide</subfield>
  </datafield>
  <datafield tag="260" ind1=" " ind2=" ">
    <subfield code="a">Mzumbe University,</subfield>
    <subfield code="b">Research and Publication Department,</subfield>
    <subfield code="c">2005.</subfield>
  </datafield>
  <datafield tag="300" ind1=" " ind2=" ">
    <subfield code="a">viii, 164p.: ill.; figure.</subfield>
    <subfield code="b">Bibliography, index.</subfield>
    <subfield code="c">21cm.</subfield>
  </datafield>
  <datafield tag="942" ind1=" " ind2=" ">
    <subfield code="2">ddc</subfield>
    <subfield code="c">BKS</subfield>
  </datafield>
  <datafield tag="999" ind1=" " ind2=" ">
    <subfield code="c">4109</subfield>
    <subfield code="d">4109</subfield>
  </datafield>
  <datafield tag="952" ind1=" " ind2=" ">
    <subfield code="r">2025-06-16 11:26:55</subfield>
    <subfield code="l">0</subfield>
    <subfield code="o">339 KAM</subfield>
    <subfield code="p">00000013067</subfield>
    <subfield code="v">98400.00</subfield>
    <subfield code="w">2025-06-16</subfield>
    <subfield code="y">BKS</subfield>
    <subfield code="1">0</subfield>
    <subfield code="2">ddc</subfield>
    <subfield code="4">0</subfield>
    <subfield code="7">0</subfield>
    <subfield code="0">0</subfield>
    <subfield code="a">CBEML</subfield>
    <subfield code="b">CBEML</subfield>
    <subfield code="c">GEN</subfield>
    <subfield code="d">2024-04-04</subfield>
    <subfield code="g">32800.00</subfield>
  </datafield>
  <datafield tag="952" ind1=" " ind2=" ">
    <subfield code="r">2025-06-16 11:26:55</subfield>
    <subfield code="l">0</subfield>
    <subfield code="o">339 KAM</subfield>
    <subfield code="p">00000013068</subfield>
    <subfield code="v">98400.00</subfield>
    <subfield code="w">2025-06-16</subfield>
    <subfield code="y">BKS</subfield>
    <subfield code="1">0</subfield>
    <subfield code="2">ddc</subfield>
    <subfield code="4">0</subfield>
    <subfield code="7">0</subfield>
    <subfield code="0">0</subfield>
    <subfield code="a">CBEML</subfield>
    <subfield code="b">CBEML</subfield>
    <subfield code="c">GEN</subfield>
    <subfield code="d">2024-04-04</subfield>
    <subfield code="g">32800.00</subfield>
  </datafield>
  <datafield tag="952" ind1=" " ind2=" ">
    <subfield code="r">2025-06-16 11:26:55</subfield>
    <subfield code="l">0</subfield>
    <subfield code="o">339 KAM</subfield>
    <subfield code="p">00000013069</subfield>
    <subfield code="v">98400.00</subfield>
    <subfield code="w">2025-06-16</subfield>
    <subfield code="y">BKS</subfield>
    <subfield code="1">0</subfield>
    <subfield code="2">ddc</subfield>
    <subfield code="4">0</subfield>
    <subfield code="7">0</subfield>
    <subfield code="0">0</subfield>
    <subfield code="a">CBEML</subfield>
    <subfield code="b">CBEML</subfield>
    <subfield code="c">GEN</subfield>
    <subfield code="d">2024-04-04</subfield>
    <subfield code="g">32800.00</subfield>
  </datafield>
  <datafield tag="952" ind1=" " ind2=" ">
    <subfield code="r">2025-06-16 11:26:55</subfield>
    <subfield code="l">0</subfield>
    <subfield code="o">339 KAM</subfield>
    <subfield code="p">00000013070</subfield>
    <subfield code="v">98400.00</subfield>
    <subfield code="w">2025-06-16</subfield>
    <subfield code="y">BKS</subfield>
    <subfield code="1">0</subfield>
    <subfield code="2">ddc</subfield>
    <subfield code="4">0</subfield>
    <subfield code="7">0</subfield>
    <subfield code="0">0</subfield>
    <subfield code="a">CBEML</subfield>
    <subfield code="b">CBEML</subfield>
    <subfield code="c">GEN</subfield>
    <subfield code="d">2024-04-04</subfield>
    <subfield code="g">32800.00</subfield>
  </datafield>
  <datafield tag="952" ind1=" " ind2=" ">
    <subfield code="r">2025-06-16 11:26:55</subfield>
    <subfield code="l">0</subfield>
    <subfield code="o">339 KAM</subfield>
    <subfield code="p">00000013071</subfield>
    <subfield code="v">98400.00</subfield>
    <subfield code="w">2025-06-16</subfield>
    <subfield code="y">BKS</subfield>
    <subfield code="1">0</subfield>
    <subfield code="2">ddc</subfield>
    <subfield code="4">0</subfield>
    <subfield code="7">0</subfield>
    <subfield code="0">0</subfield>
    <subfield code="a">CBEML</subfield>
    <subfield code="b">CBEML</subfield>
    <subfield code="c">GEN</subfield>
    <subfield code="d">2024-04-04</subfield>
    <subfield code="g">32800.00</subfield>
  </datafield>
  <datafield tag="952" ind1=" " ind2=" ">
    <subfield code="r">2025-06-16 11:26:55</subfield>
    <subfield code="l">0</subfield>
    <subfield code="o">339 KAM</subfield>
    <subfield code="p">00000013072</subfield>
    <subfield code="v">98400.00</subfield>
    <subfield code="w">2025-06-16</subfield>
    <subfield code="y">BKS</subfield>
    <subfield code="1">0</subfield>
    <subfield code="2">ddc</subfield>
    <subfield code="4">0</subfield>
    <subfield code="7">0</subfield>
    <subfield code="0">0</subfield>
    <subfield code="a">CBEML</subfield>
    <subfield code="b">CBEML</subfield>
    <subfield code="c">GEN</subfield>
    <subfield code="d">2024-04-04</subfield>
    <subfield code="g">32800.00</subfield>
  </datafield>
  <datafield tag="952" ind1=" " ind2=" ">
    <subfield code="r">2025-06-16 11:26:55</subfield>
    <subfield code="l">0</subfield>
    <subfield code="o">339 KAM</subfield>
    <subfield code="p">00000013073</subfield>
    <subfield code="v">98400.00</subfield>
    <subfield code="w">2025-06-16</subfield>
    <subfield code="y">BKS</subfield>
    <subfield code="1">0</subfield>
    <subfield code="2">ddc</subfield>
    <subfield code="4">0</subfield>
    <subfield code="7">0</subfield>
    <subfield code="0">0</subfield>
    <subfield code="a">CBEML</subfield>
    <subfield code="b">CBEML</subfield>
    <subfield code="c">GEN</subfield>
    <subfield code="d">2024-04-04</subfield>
    <subfield code="g">32800.00</subfield>
  </datafield>
  <datafield tag="952" ind1=" " ind2=" ">
    <subfield code="r">2025-06-28 15:24:49</subfield>
    <subfield code="l">0</subfield>
    <subfield code="o">330 KAM</subfield>
    <subfield code="p">MBY000836</subfield>
    <subfield code="v">98400.00</subfield>
    <subfield code="w">2025-06-28</subfield>
    <subfield code="y">BKS</subfield>
    <subfield code="1">0</subfield>
    <subfield code="2">ddc</subfield>
    <subfield code="4">0</subfield>
    <subfield code="7">0</subfield>
    <subfield code="0">0</subfield>
    <subfield code="a">002</subfield>
    <subfield code="b">002</subfield>
    <subfield code="c">GEN</subfield>
    <subfield code="d">2022-07-03</subfield>
    <subfield code="e">PURCHASE</subfield>
    <subfield code="g">32800.00</subfield>
  </datafield>
</record>
